Lun yu yi jie /

Saved in:
நூற்பட்டியல் விவரங்கள்
தலைமை எழுத்தாளர்: Chen, Daqi, 1886-
வடிவம்: புத்தகம்
மொழி:Chinese
வெளியீடப்பட்டது: Taibei Shi : Taiwan shang wu yin shu guan, Min guo 57 [1968]
பதிப்பு:Chu ban.
தொகுதி:Ren ren wen ku ; 599-600
பகுதிகள்:
குறியீடுகள்: குறிச்சொல் இணை
குறியீடுகள் இல்லை, இந்த குறிச்சொல்லை முதலில் பதிவு செய்யுங்கள்!
LEADER 01079cam a2200289 a 4500
001 007726953-5
005 20024617110316.0
008 941018s1968 ch 000 0 chi d
035 0 |a ocm31310392 
040 |a WaU  |c WaU  |d *YNH*  |d CStRLIN 
100 1 |6 880-01  |a Chen, Daqi,  |d 1886- 
245 1 0 |6 880-02  |a Lun yu yi jie /  |c Chen Daqi zhu. 
250 |6 880-03  |a Chu ban. 
260 |6 880-04  |a Taibei Shi :  |b Taiwan shang wu yin shu guan,  |c Min guo 57 [1968] 
300 |a 2, 2, 12, 306 p. ;  |c 18 cm. 
490 0 |6 880-05  |a Ren ren wen ku ;  |v 599-600 
500 |6 880-06  |a "Ben shu zhi jiu [Lun yu] quan shu zhong de xiao bu fen jia yi quan shi." 
600 0 0 |6 880-07  |a Confucius.  |t Lun yu. 
880 1 |6 100-01  |a 陳大齊,  |d 1886- 
880 1 0 |6 245-02  |a 論語臆解 /  |c 陳大齊著. 
880 |6 250-03  |a 初版. 
880 |6 260-04  |a 臺北市 :  |b 臺灣商務印書館,  |c 民國57 [1968] 
880 0 |6 490-05  |a 人人文庫 ;  |v 599-600 
880 |6 500-06  |a "本書只就[論語]全書中的小部分加以詮釋." 
880 0 0 |6 600-07  |a Confucius.  |t 論語. 
988 |a 20021108 
906 |0 OCLC